Costs awards at planning appeals. (Record no. 96056)

MARC details
000 -LEADER
fixed length control field 00912cam a2200265 4500
001 - CONTROL NUMBER
control field J583
008 - FIXED-LENGTH DATA ELEMENTS--GENERAL INFORMATION
fixed length control field 090401t1990 xxu||||| |||| 00| 0 eng d
035 ## - SYSTEM CONTROL NUMBER
System control number (Sirsi) u75610
041 ## - LANGUAGE CODE
Language code of text/sound track or separate title eng
050 ## - LIBRARY OF CONGRESS CALL NUMBER
Classification number 711.1
110 ## - MAIN ENTRY--CORPORATE NAME
Corporate name or jurisdiction name as entry element National Housing and Town Planning Council
9 (RLIN) 2348
245 ## - TITLE STATEMENT
Title Costs awards at planning appeals.
260 ## - PUBLICATION, DISTRIBUTION, ETC.
Place of publication, distribution, etc. London
Name of publisher, distributor, etc. National Housing and Town Planning Counc
Date of publication, distribution, etc. 1990
300 ## - PHYSICAL DESCRIPTION
Extent viii,42p. ; 30cm.
350 ## - PRICE (NR) (BK AM CF MU VM SE) [OBSOLETE]
Price 6
690 ## - LOCAL SUBJECT ADDED ENTRY--TOPICAL TERM (OCLC, RLIN)
Topical term or geographic name as entry element PLANNING LAW AND PRACTICE
710 ## - ADDED ENTRY--CORPORATE NAME
Corporate name or jurisdiction name as entry element Association of District Councils
9 (RLIN) 1305
710 ## - ADDED ENTRY--CORPORATE NAME
Corporate name or jurisdiction name as entry element Association of London Borough Planning Officers
9 (RLIN) 3350
710 ## - ADDED ENTRY--CORPORATE NAME
Corporate name or jurisdiction name as entry element Association of Metropolitan Authorities
9 (RLIN) 1383
710 ## - ADDED ENTRY--CORPORATE NAME
Corporate name or jurisdiction name as entry element Bar Association for Local Government and the Public service
9 (RLIN) 2003
710 ## - ADDED ENTRY--CORPORATE NAME
Corporate name or jurisdiction name as entry element District Planning Officers' Society
9 (RLIN) 2006
710 ## - ADDED ENTRY--CORPORATE NAME
Corporate name or jurisdiction name as entry element Metropolitan Planning Officers` Society
9 (RLIN) 2007
942 ## - ADDED ENTRY ELEMENTS (KOHA)
Suppress in OPAC 0
948 ## - LOCAL PROCESSING INFORMATION (OCLC); SERIES PART DESIGNATOR (RLIN)
c (OCLC) 04/03/1997
Holdings
Withdrawn status Lost status Source of classification or shelving scheme Damaged status Not for loan Home library Current library Shelving location Date acquired Cost, normal purchase price Total Checkouts Full call number Barcode Date last seen Copy number Cost, replacement price Price effective from Koha item type
    Dewey Decimal Classification     London London Folio 03/03/1992 6.00   F711.1 30026004 06/08/2019 1 6.00 06/08/2019 Book